00621nam a22001697a 4500003000400000005001700004008004100021040001700062050001500079082001500094100001300109245012900122260002300251300001800274653014600292856001300438OSt20260427131954.0260427b ||||| |||| 00| 0 eng d aBSHUAbShqip b786.2/Gia. b786.2/Gia. aGiazotto aAdagio in Sol Min per archi e organo : su due spunti tematici e su un basso numerato di Albinoni : riduzione per pianoforte  aMilano:bRicordi,  a5 f.; me nota aMuzika boterore - Muzika italiane - Muzika instrumentale - Muzika pianistike - Muzike per piano - Adaxhio ne sol minor - aPart piano (Celo)  yFulltext